Представление документа в формате MARC21

Поле Инд. ПП Название Значение
Тип записи a
Библиографический уровень m
001 Контрольный номер bae4f5371c8b463884cb94c307bde805
005 Дата корректировки 20260305132749.6
084 a Индекс другой классификации/Индекс ББК 3
091 i Возрастная адресация (DOS) 12+
097 b Оператор Кондратьева; Чирова
245 10 a Заглавие Мир техники для детей
n Номер части/ раздела 2
260 c Дата издания 2026
900 a Имя макрообъекта 0000003906471
901 t Тип документа s